Titanium - David Guetta ft. Sia (All Lyrics) - Statistics

General Stats
  • This quiz has been taken 2,601 times
  • The average score is 165 of 210
Answer Stats
Lyrics % Correct
I
99%
a
98%
titanium.
96%
You
96%
you
96%
am
94%
but
93%
me
92%
down,
91%
to
88%
not
86%
I'm
84%
Shoot
84%
shoot
84%
away,
83%
away.
83%
fall.
83%
won't
83%
nothing
82%
bulletproof,
81%
bulletproof
81%
lose.
81%
your
80%
Fire
77%
fire
77%
take
74%
say.
73%
can't
72%
hear
72%
word
70%
it
67%
aim.
65%
ricochet.
64%
Ricochet,
64%
up.
62%
the
61%
get
60%
much.
58%
out,
58%
and
57%
saying
57%
shout
56%
loud,
54%
all
52%
Stone-hard,
52%
Stone-hard
52%
talking
52%
who
51%
who'll
51%
bullets
49%
gun.
49%
my
49%
machine
48%
break
45%
at
42%
it's
41%
ones
41%
bones.
40%
run.
39%
have
37%
love.
37%
sticks
37%
stones
36%
may
34%
voice,
31%
criticized,
29%
Firing
29%
further
29%
Raise
28%
Ghost
24%
glass.
23%
haunted
22%
town
22%
Cut
21%
as
18%
No matching quizzes found
Score Distribution
Percent of People with Each Score
Percentile by Number Answered
Your Score History
You have not taken this quiz